L'aventure des écritures (Record no. 172428)
[ view plain ]
| 000 -LEADER | |
|---|---|
| campo de control de longitud fija | 01167nam a2200253 i 4500 |
| 001 - NÚMERO DE CONTROL | |
| campo de control | 172428 |
| 003 - IDENTIFICADOR DE NÚMERO DE CONTROL | |
| campo de control | ES-MaACL |
| 005 - FECHA Y HORA DE LA ÚLTIMA TRANSACCIÓN | |
| campo de control | 20230906214918.0 |
| 008 - DATOS DE LONGITUD FIJA--INFORMACIÓN GENERAL | |
| campo de control de longitud fija | 090706s1997 fr |||| | fre d |
| 080 ## - NÚMERO DE LA CLASIFICACIÓN DECIMAL UNIVERSAL | |
| Número de la Clasificación Decimal Universal | 003.02(083.824) |
| 245 00 - MENCIÓN DEL TÍTULO | |
| Título | L'aventure des écritures |
| Resto del título | : naissances : [exposition] / |
| Mención de responsabilidad, etc. | sous la direction d'Anne Zali et d'Annie Berthier. |
| 260 ## - PUBLICACIÓN, DISTRIBUCIÓN, ETC. | |
| Lugar de publicación, distribución, etc. | [Paris] : |
| Nombre del editor, distribuidor, etc. | Bibliothèque National de France, |
| Fecha de publicación, distribución, etc. | [1997] |
| 300 ## - DESCRIPCIÓN FÍSICA | |
| Extensión | 223 p. : |
| Otras características físicas | il. col. y n. ; |
| Dimensiones | 27 cm. |
| 500 ## - NOTA GENERAL | |
| Nota general | "Cette première manifestation de la série dexpositions consacrée à 'Laventure des écritures' a pour thème 'Naissances' . Elle est présentée à la Bibliothèque nationale de France ... du 14 nov. 1997 au 17 mai 1998" -- Verso de port. |
| 504 ## - NOTA DE BIBLIOGRAFÍA, ETC. | |
| Nota de bibliografía, etc. | Incluye referencias bibliográficas. |
| 650 #4 - PUNTO DE ACCESO ADICIONAL DE MATERIA--TÉRMINO DE MATERIA | |
| Término de materia o nombre geográfico como elemento de entrada | Escritura- |
| Subdivisión general | Historia- |
| Subdivisión de forma | Exposiciones. |
| 9 (RLIN) | 12403 |
| 655 #7 - TERMINO DE INDIZACIÓN--GENERO/FORMA | |
| Fuente del término | tgfbne |
| 9 (RLIN) | 193628 |
| Datos o término principal de género/forma | Catálogos de exposiciones |
| 700 1# - ENTRADA AGREGADA--NOMBRE PERSONAL | |
| Nombre de persona | Zali, Anne. |
| 9 (RLIN) | 140956 |
| 700 1# - ENTRADA AGREGADA--NOMBRE PERSONAL | |
| Nombre de persona | Berthier, Annie. |
| 9 (RLIN) | 140957 |
| 710 2# - ENTRADA AGREGADA--NOMBRE DE ENTIDAD CORPORATIVA | |
| Nombre de entidad corporativa o nombre de jurisdicción como elemento de entrada | Bibliothèque nationale de France. |
| 9 (RLIN) | 2217 |
| 852 ## - LOCALIZACIÓN | |
| Ubicación | ES-MaACL |
| Número de control de estantería | E-12748 |
| Nota libre | .- Biblioteca Jacinto Martínez Lacalle |
| 942 ## - ELEMENTOS DE ENTRADA SECUNDARIOS (KOHA) | |
| Fuente del sistema de clasificación o colocación | Clasificación decimal universal |
| Estatus retirado | Estado de pérdida | Estado de daño | No para préstamo | Biblioteca de origen | Biblioteca actual | Ubicación en estantería | Fecha de adquisición | Fuente de adquisición | Total de préstamos | Signatura topográfica completa | Código de barras | Visto por última vez | Precio de reemplazo | Tipo de ítem Koha |
|---|---|---|---|---|---|---|---|---|---|---|---|---|---|---|
| Biblioteca del Ateneo de Madrid | Biblioteca del Ateneo de Madrid | Depósito 2 | 06/07/2009 | E-12748 | 1180950 | 23/02/2023 | 23/02/2023 | Libro impreso |
